| 000 | 00406nam a2200181Ia 4500 | ||
|---|---|---|---|
| 008 | 230725s xx 000 0 und d | ||
| 041 | _aeng | ||
| 082 |
_a576 _bREE |
||
| 100 | _aREED GEROLD | ||
| 245 | _aINDUSTRIAL MICROBIOLOGY | ||
| 260 |
_aDELHI _bELBS LONGMAN |
||
| 300 | _a883 | ||
| 365 | _h20 | ||
| 500 | _aTEXT BOOK | ||
| 501 | _aMICRO | ||
| 520 | _aPB | ||
| 650 | _aPHARMACEUTICAL MICROBIOLOGY | ||
| 999 |
_c767210 _d767210 |
||